000 00330nam a2200145Ia 4500
005 20251222144921.0
008 251222s9999||||xx |||||||||||||| ||spa||
020 _a8447339270
082 _a616.852.62/A49
100 _aÁlvarez, Nieves
245 0 _aYo Vencí la Anorexia
250 _a1ra.ed.
264 _bRBA
942 _cLIB
999 _c22731
_d22731